000 00876nam a2200253Ia 4500
003 OSt
005 20220926022256.0
006 a|||||r|||| 00| 0
007 ta
008 220923b |||||||| |||| 00| 0 eng d
020 _a9789211128529
037 _cGeneral Book
040 _aRTL
_cRTL
_beng
041 _2eng
_aeng
082 _aX:533.2, Q2/UN
100 _aUNITED NATIONS CONFERENCE ON TRADE AND DEVELOPMENT
_922210
110 _aUNITED NATIONS CONFERENCE ON TRADE AND DEVELOPMENT
_922209
245 0 _aTwenty years of India's liberalization
_b Experiences and lessons
260 _aNew York
_bUnited Nations
_c2012
300 _ax,97p
_ccm.
700 _aUNITED NATIONS CONFERENCE ON TRADE AND DEVELOPMENT
_922210
942 _hX:533.2, Q2/UN
_cGB
_2CC
999 _c639057
_d639057